书目信息

书名: 医事法 
作者: 福斯特 著 ;刘文戈
出版信息: 南京   译林出版社  2024.01
开本页数: 21cm  150页
丛书名: 译林通识课
单 册:
中图分类: D91 D912.160.4
科图分类:
主题词: 卫生法--wei sheng fa--研究
电子资源:
ISBN: 978-7-5447-8103-9
000 01322oam2 22003011 450
001 0122202753
005 20241022202753.0
010    @a978-7-5447-8103-9@b精装@dCNY59.00
100    @a20240306d2024 em y0chiy0121 ea
101 @achi@ceng
102    @aCN@b320000
105    @aa z 000yy
106    @ar
200 @a医事法@Ayi shi fa@d= Medical law: a very short introduction@f(英国) 查尔斯·福斯特著@g刘文戈译@zeng
210    @a南京@c译林出版社@d2024.01
215    @a150页@c图@d21cm
225 @a译林通识课@Ayi lin tong shi ke
314    @a查尔斯·福斯特, 牛津大学格林坦普顿学院研究员, 医事法与伦理学导师, 伦敦多家律师事务所医事法出庭律师。除本书外, 另著有《生物伦理学与法律中的人类尊严》(2012)、《生死由我: 医事法与伦理学中自主权的专断》(2009)、《医疗过失》(2007) 等。
330    @a本书内容包括: 起源与变迁、医事法的实施、生命起始之前、保密与隐私、同意权、医疗过失、人体研究、医疗资源分配、生命的终止、器官捐献与人体部位的所有权、医事法的未来。
410  0 @12001@a译林通识课
500 10 @aMedical law: a very short introduction@mChinese
606 @a卫生法@Awei sheng fa@x研究
690    @aD91@v5
690    @aD912.160.4@v5
701  1 @a福斯特@Afu si te@g(Foster, Charles)@4著
702  0 @a刘文戈@Aliu wen ge@4译
801  0 @aCN@b人天书店@c20240306
905    @aCKNYKJZYXY@b300709554-6@dD91@e96@f3
    
    医事法= Medical law: a very short introduction/(英国) 查尔斯·福斯特著/刘文戈译.-南京:译林出版社,2024.01
    150页:图;21cm.-(译林通识课)
    
    
    ISBN 978-7-5447-8103-9(精装):CNY59.00
    本书内容包括: 起源与变迁、医事法的实施、生命起始之前、保密与隐私、同意权、医疗过失、人体研究、医疗资源分配、生命的终止、器官捐献与人体部位的所有权、医事法的未来。
相关链接 在五车中查询图书 在当当中查询图书 在豆瓣中查询图书


正题名:医事法     索取号:D91/96         预约/预借

序号 登录号 条形码 馆藏地/架位号 状态 备注
1 709554   300709554   柳城-3楼/6架12列5层/ [索取号:D91/96] 在馆    
2 709555   300709555   柳城-3楼/6架12列5层/ [索取号:D91/96] 在馆    
3 709556   300709556   柳城-3楼/6架12列5层/ [索取号:D91/96] 在馆